|
|
|
|
| LEADER |
00963nam a2200265 a 4500 |
| 001 |
345050 |
| 008 |
090827s1992 enka b 001 0 eng d |
| 010 |
|
|
|a 92028226
|
| 020 |
|
|
|a 0862329809 (hb)
|
| 020 |
|
|
|a 0862329817 (pb)
|
| 040 |
|
|
|a DLC
|c DLC
|d DLC
|
| 082 |
0 |
0 |
|a 376
|2 20
|
| 100 |
1 |
|
|a Ballara, Marcela.
|
| 245 |
1 |
0 |
|a Women and literacy /
|c prepared by Marcela Ballara.
|
| 260 |
|
|
|a London ;
|a Atlantic Highlands, N.J. :
|b Zed Books,
|c 1992.
|
| 300 |
|
|
|a xii, 84 p. :
|b ill. ;
|c 24 cm.
|
| 490 |
0 |
|
|a Women and world development series
|
| 504 |
|
|
|a Includes bibliographical references and index.
|
| 541 |
1 |
|
|e 00005774
|
| 650 |
|
0 |
|a Women
|x Education.
|
| 650 |
|
0 |
|a Literacy.
|
| 650 |
|
0 |
|a Economic development
|x Effect of education on.
|
| 852 |
4 |
|
|a Ayesha Abed Library
|j General shelf
|
| 999 |
|
|
|c 3923
|d 3923
|
| 952 |
|
|
|0 0
|1 0
|2 ddc
|4 0
|6 376_BAL_199100000000000
|7 0
|9 3566
|a BRACUL
|b BRACUL
|c GEN
|d 2009-09-15
|g 1692.00
|l 0
|o 376 BAL
|p 3010005774
|r 2009-09-15
|t 1
|w 2009-09-15
|y BK
|